Development of antagonistic endophytic bacteria as potential biocontrol agents against Corynespora leaf fall disease of rubber (Hevea brasiliensis) (Record no. 74441)

MARC details
000 -LEADER
fixed length control field 00506nam a2200133Ia 4500
100 ## - MAIN ENTRY--AUTHOR NAME
Personal name Vandana Viswanathan
245 #0 - TITLE STATEMENT
Title Development of antagonistic endophytic bacteria as potential biocontrol agents against Corynespora leaf fall disease of rubber (Hevea brasiliensis)
260 ## - PUBLICATION, DISTRIBUTION, ETC. (IMPRINT)
Name of publisher Kannur University
Place of publication Kannur
Year of publication 2009
500 ## - GENERAL NOTE
General note Available in Pathology
500 ## - GENERAL NOTE
General note Course: M.Sc.
700 ## - ADDED ENTRY--PERSONAL NAME
Personal name Dr Shaji Philip and Dr Kochuthresiamma Joseph
942 ## - ADDED ENTRY ELEMENTS (KOHA)
Koha item type Theses
Holdings
Withdrawn status Lost status Damaged status Not for loan Collection code Home library Current library Shelving location Date acquired Koha item type
      Theses Dissertation RRII Library RRII Library Crop protection 31/12/2021 Theses